Online Catalogue and eLibrary

Yuddhaya epa samaya one (Record no. 1334)

MARC details
000 -LEADER
fixed length control field 00404nam a2200145Ia 4500
005 - DATE AND TIME OF LATEST TRANSACTION
control field 20250528034939.0
008 - FIXED-LENGTH DATA ELEMENTS--GENERAL INFORMATION
fixed length control field 240331s9999 xx 000 0 und d
082 ## - DDC Classification
Item Number - Author Mark DES
Class No. 303
100 ## - MAIN ENTRY--PERSONAL NAME
Personal name De Silva, K.V.
245 #0 - TITLE STATEMENT
Title Yuddhaya epa samaya one
260 ## - PUBLICATION, DISTRIBUTION, ETC.
Place of publication, distribution, etc. Dehiwala
Name of publisher, distributor, etc. Sarana printing press
Date of publication, distribution, etc. 1987
300 ## - PHYSICAL DESCRIPTION
Extent (e.g. Volumes, Pages etc.) 56 p .,
500 ## - GENERAL NOTE
General note issues of ethnic and caste discrimination and national unity
942 ## - Koha item type (Biblio)
Koha item type Books in Stacks (Lending)
Holdings
Lost status Damaged status Collection code Home library Current library Shelving location Date acquired Full call number Accession Number Item type
    Lending WERC Library WERC Library Social Science Cupboard 03/31/2024 303.6 DES 1548 Books in Stacks (Lending)

© WERC Library